000 00501nam a2200157Ia 4500
003 GCL
008 140319s9999 xx 000 0 ara d
040 _aGCL /
_cGCL
082 0 4 _a808.51
_bف خ
100 1 _aفيصل زريقات
245 1 0 _aخطابات الاسكندر /
_cفيصل زريقات
490 _aالهيئة العامة للاستعلامات
_v0
650 0 4 _aالادب اليونانى - الخطب
650 0 4 _aالاسكندر المقدونى، خطب
942 _2ddc
_cBK
999 _c47307
_d47307